<?xml version="1.0" encoding="UTF-8"?>
<collection xmlns="http://www.loc.gov/MARC21/slim">
<record>
  <controlfield tag="001">168421</controlfield>
  <controlfield tag="005">20260205155159.0</controlfield>
  <datafield tag="020" ind1=" " ind2=" ">
    <subfield code="a">978-92-0-000175-8</subfield>
  </datafield>
  <datafield tag="037" ind1=" " ind2=" ">
    <subfield code="a">BOOK-2026-161</subfield>
  </datafield>
  <datafield tag="041" ind1=" " ind2=" ">
    <subfield code="a">spa</subfield>
  </datafield>
  <datafield tag="100" ind1=" " ind2=" ">
    <subfield code="a">Abad Zardoya, Carmen</subfield>
    <subfield code="b"></subfield>
  </datafield>
  <datafield tag="245" ind1=" " ind2=" ">
    <subfield code="a">Arte y ceremonia del refresco</subfield>
  </datafield>
  <datafield tag="260" ind1=" " ind2=" ">
    <subfield code="a">Madrid</subfield>
    <subfield code="b">Ministerio de Educación Cultura y Deporte, Subdirección General de Documentación y Publicaciones</subfield>
    <subfield code="c">2013</subfield>
  </datafield>
  <datafield tag="300" ind1=" " ind2=" ">
    <subfield code="a">60-88</subfield>
  </datafield>
  <datafield tag="520" ind1=" " ind2=" ">
    <subfield code="a">En los paneles de azulejos de las cocinas valencianas –particularmente en las llamadas “cocinas rococó”- se representan de forma reiterada objetos y gestos que evocan prácticas alimenticias integradas en el refresco o agasajo. De hecho, la secuencia de sirvientes con bandejas y recipientes variados –motivo que se repite en varias de estas azulejerías- constituye una acertada síntesis visual de este formato de condumio. Sin duda, los visitantes de estas cocinas rococó reconocían a simple vista una escena que no era sino la réplica de una actividad social que, muy posiblemente, se desarrollaba en estas peculiares dependencias, lejanamente emparentadas con las “lecherías” de algunos palacios europeos.</subfield>
  </datafield>
  <datafield tag="856" ind1="0" ind2=" ">
    <subfield code="f">lplumed@unizar.es</subfield>
  </datafield>
  <datafield tag="856" ind1="4" ind2=" ">
    <subfield code="u">http://zaguan.unizar.es/record/168421/files/BOOK-2026-161.pdf</subfield>
    <subfield code="z">Texto completo</subfield>
    <subfield code="s">1070778</subfield>
  </datafield>
  <datafield tag="909" ind1="C" ind2="O">
    <subfield code="o">oai:zaguan.unizar.es:168421</subfield>
    <subfield code="p">books</subfield>
  </datafield>
  <datafield tag="773" ind1=" " ind2=" ">
    <subfield code="t">La cocina valenciana del museo nacional de artes decorativas. Una relectura a través de la tecnología de realidad aumentada</subfield>
  </datafield>
  <datafield tag="540" ind1=" " ind2=" ">
    <subfield code="9">info:eu-repo/semantics/openAccess</subfield>
  </datafield>
  <datafield tag="506" ind1=" " ind2=" ">
    <subfield code="a">all-rights-reserved</subfield>
  </datafield>
  <datafield tag="980" ind1=" " ind2=" ">
    <subfield code="a">BOOK</subfield>
    <subfield code="b">CAPITULOS</subfield>
    <subfield code="b"></subfield>
  </datafield>
</record>
</collection>